Quiz Zgadnij Tych Polskich Muzyków - Statystyki

Ogólne statystyki
  • Ten quiz został rozwiązany 659 razy
  • Średni wynik to 17 z 24
Statystyki odpowiedzi
Obrazkowy Odpowiedź % Poprawnych
Cleo
97%
Krzysztof Krawczyk
96%
Sanah
95%
Mata
91%
Dawid Podsiadło
89%
Sobel
88%
Michał Szpak
87%
Quebonafide
84%
Kizo
81%
Bedoes
79%
Malik Montana
77%
Kayah
75%
Taco Hemingway
74%
Smolasty
72%
Kamil Bednarek
67%
Daria Zawiałow
66%
Czesław Niemen
59%
Maciej Maleńczuk
58%
Young Igi
55%
White 2115
52%
Żabson
52%
Vito Bambino
48%
Roxie Węgiel
38%
Kortez
22%
Nie znaleziono quizów pasujących do podanych kryteriów
Rozkład punktacji
Procent ludzi z każdym wynikiem
Percentyl według liczby udzielonych odpowiedzi
Twoja historia wyników
Nie rozwiązałeś tego quizu